Κατάλογος Βιβλιοθηκών Mediterranean College

Διδασκαλία από Απόσταση με Χρήση Υπερμέσων / Σχεδιασμός Παιδαγωγικών Μοντέλων και Διαδικασιών Επικοινωνίας (Record no. 2916)

MARC details
000 -LEADER
fixed length control field 02018cam a22002054a 4500
005 - ΗΜΕΡΟΜΗΝΙΑ ΚΑΙ ΩΡΑ ΤΕΛΕΥΤΑΙΑΣ ΕΝΗΜΕΡΩΣΗΣ
Πεδίο ελέγχου 20250605164057.0
008 - FIXED-LENGTH DATA ELEMENTS--GENERAL INFORMATION
Πεδίο ελέγχου σταθερού μήκους 250528s ||||||||||||||||||||||||d
035 ## - SYSTEM CONTROL NUMBER
System control number 17508
020 ## - ISBN
ISBN 9602182946
040 ## - ΠΗΓΗ ΚΑΤΑΛΟΓΟΓΡΑΦΗΣΗΣ
Φορέας πρωτότυπης καταλογογράφησης MC Athens Campus Library
Γλώσσα καταλογογράφησης Ελληνικά, Μοντέρνα (1453-)
Modifying agency MC Athens Campus Library
Κανόνες περιγραφικής καταλογογράφησης AACR2
245 1# - ΤΙΤΛΟΣ ΚΑΙ ΔΗΛΩΣΗ ΥΠΕΥΘΥΝΟΤΗΤΑΣ
Τίτλος Διδασκαλία από Απόσταση με Χρήση Υπερμέσων / Σχεδιασμός Παιδαγωγικών Μοντέλων και Διαδικασιών Επικοινωνίας
250 ## - EDITION STATEMENT
Edition statement
260 ## - PUBLICATION, DISTRIBUTION, ETC.
Name of publisher, distributor, etc. Κριτική - Επιστημονική Βιβλιοθήκη,
Date of publication, distribution, etc. 2002
300 ## - PHYSICAL DESCRIPTION
Extent 296
520 ## - SUMMARY, ETC.
Summary, etc. Πρόλογος, Θεωρητική Μελέτη, Οι Νέες Τεχνολογίες στην Εκπαίδευση από Απόσταση - Περιορισμοί και Πλεονεκτήματα, Μορφές Εκπαίδευσης και Εξέλιξη και Προβληματισμοί, Η Επικοινωνία με Πολυμέσα για Εκπαιδευτικούς Σκοπούς: Ανάγκες της Εκπαίδευσης και Δυνατότητες των Δικτύων, Μελέτη και Σχεδιασμός Ενός Παιδαγωγικού Μοντέλου Κατάλληλου για την Εκπαίδευση από Απόσταση με τη Χρήση των Νέων Τεχνολογιών, Μελέτη Περιπτώσεως, Τεχνολογικός Σχεδιασμός και Θεωρητική Τεκμηρίωση της Δομής και των Λειτουργιών του Εκπαιδευτικού Περιβάλλοντος της Εκπαίδευσης από Απόσταση, Σχεδιασμός Υλοποίησης του Εκπαιδευτικού Λογισμικού με την Τεχνολογία των Υπερμέσων, Γενικά Συμπεράσματα και Μελλοντικές Επεκτάσεις, Βιβλιογραφία.
700 1# - ΠΡΟΣΘΕΤΗ ΑΝΑΓΡΑΦΗ--ΦΥΣΙΚΟ ΠΡΟΣΩΠΟ
Personal name Παντανο-Ρόκου Φράνκα
9 (RLIN) 3649
942 ## - ADDED ENTRY ELEMENTS (KOHA)
Koha item type Books
Holdings
Τύπος τεκμηρίου Βιβλιοθήκη Τρέχουσα τοποθεσία Barcode Αριθμός εισαγωγής Ημερομηνία απόκτησης Ταξιθετικό σύμβολο Αριθμός αντιτύπου Κατάσταση απόσυρσης Κατάσταση χαμένου Κατάσταση κατεστραμμένου Μη δανεισμός Σύνολο δανεισμών Ημερομηνία τελευταίας εμφάνισης Η τιμή ισχύει από
Books MC Athens Campus Library MC Athens Campus Library 9780000029157 5771 05/06/2025 371.35 PAN 1           05/06/2025 05/06/2025

MC Athens Campus Library
Πατησίων 94 & Κοδριγκτώνος 13, 104 34
Πελλήνης 8 & Πατησίων 107, 112 51
Τ: +30 210 8899600

MC Thessaloniki Campus Library
Ίωνος Δραγούμη 21, 54625 | Ίωνος Δραγούμη 15, 54625
Τ: +30 2310 287779 – Τ: +30 2314 440300